[Event "III Open I like Elo"]
[Site "Roma ITA"]
[Date "2009.04.08"]
[Round "5"]
[White "Gerlando, Onofrio"]
[Black "Gamberale, Francesco"]
[Result "0-1"]
[WhiteElo "1668"]
[BlackElo "1425"]
[PlyCount "80"]
[EventDate "2009.03.11"]

1. e4 c5 2. Nf3 d6 3. Bb5+ Nc6 4. d4 cxd4 5. Qxd4 a6 6. Bxc6+ bxc6 7. O-O Bb7
8. Nc3 e6 9. Be3 d5 10. Rad1 Qc7 11. e5 c5 12. Qg4 d4 13. Bxd4 cxd4 14. Rxd4
Ne7 15. Rfd1 Nd5 16. Rc4 Qa5 17. Ra4 Qb6 18. Nxd5 Bxd5 19. b3 Qc6 20. Nd4 Qc7
21. Qg3 g6 22. c4 Bc6 23. Nxc6 Qxc6 24. Qc3 Bc5 25. Kf1 O-O 26. Qa5 Bb6 27. Qe1
Qc5 28. Rc1 a5 29. a3 Qc7 30. f4 Qc5 31. g3 Qg1+ 32. Ke2 Qxh2+ 33. Kf3 Rfd8 34.
Rc3 Rd2 35. c5 Bxc5 36. Rxc5 Rd3+ 37. Ke4 Rxb3 38. Rcxa5 Qc2+ 39. Kd4 Rd8+ 40.
Rd5 Rxd5# 0-1

[Event "III Open I like Elo"]
[Site "Roma ITA"]
[Date "2009.04.08"]
[Round "5"]
[White "Giuliani, Sante"]
[Black "Bonaposta, Fabrizio"]
[Result "0-1"]
[WhiteElo "1935"]
[BlackElo "2044"]
[PlyCount "64"]
[EventDate "2009.03.11"]

1. Nf3 Nf6 2. g3 d5 3. Bg2 e6 4. O-O c5 5. d3 Be7 6. Nbd2 Nc6 7. e4 O-O 8. Re1
Qc7 9. c3 b6 10. Qe2 Ba6 11. e5 Nd7 12. Nf1 b5 13. Bf4 b4 14. Ne3 Qa5 15. Qd2
bxc3 16. bxc3 Nb6 17. Ng4 Na4 18. Rac1 Rab8 19. Rc2 Rb7 20. h4 Rfb8 21. h5 Rb2
22. Rec1 d4 23. h6 dxc3 24. Qe3 g6 25. Bg5 Qd8 26. Bxe7 Qxe7 27. Nf6+ Kh8 28.
Ng5 Nd4 29. Rxc3 Nxc3 30. Rxc3 Re2 31. Qf4 Rxa2 32. Rxc5 Ne2+ 0-1

[Event "III Open I like Elo"]
[Site "Roma ITA"]
[Date "2009.04.08"]
[Round "5"]
[White "Maggi, Fabrizio"]
[Black "Testa, Adriano"]
[Result "1/2-1/2"]
[WhiteElo "2039"]
[BlackElo "2124"]
[PlyCount "77"]
[EventDate "2009.03.11"]

1. c4 e5 2. Nc3 Nf6 3. Nf3 Nc6 4. e3 Bb4 5. Qc2 Bxc3 6. Qxc3 Qe7 7. a3 d5 8. d4
exd4 9. Nxd4 Nxd4 10. Qxd4 c5 11. Qh4 O-O 12. cxd5 Nxd5 13. Qxe7 Nxe7 14. e4
Be6 15. Be3 b6 16. Rc1 f5 17. Bd3 Rad8 18. Ke2 Nc6 19. exf5 Bxf5 20. Bxf5 Rxf5
21. Rhd1 Rxd1 22. Rxd1 Kf8 23. g4 Rf7 24. f4 g6 25. Rd6 Ke7 26. Bxc5 bxc5 27.
Rxc6 Rxf4 28. Rxc5 Rxg4 29. Kf3 Rd4 30. Rc7+ Ke6 31. Rxh7 Rd2 32. Rxa7 Rxb2 33.
Kg3 Ra2 34. Ra5 Kf6 35. h4 Ra1 36. Ra6+ Ke5 37. Ra5+ Kf6 38. Ra6+ Ke5 39. Ra5+
1/2-1/2

[Event "III Open I like Elo"]
[Site "Roma ITA"]
[Date "2009.04.08"]
[Round "5"]
[White "Maggi, Luigi"]
[Black "De Maria, Isaia"]
[Result "1/2-1/2"]
[WhiteElo "1864"]
[BlackElo "1884"]
[PlyCount "49"]
[EventDate "2009.03.11"]

1. c4 e5 2. Nc3 d6 3. Nf3 f5 4. d4 e4 5. Ng5 Be7 6. Nh3 c6 7. Qb3 Na6 8. Nf4
Nc7 9. e3 Nf6 10. Be2 O-O 11. Bd2 Kh8 12. O-O-O Rb8 13. f3 d5 14. h4 Ne6 15.
Nxe6 Bxe6 16. fxe4 Nxe4 17. Nxe4 fxe4 18. Rdf1 Qd7 19. g3 Rxf1+ 20. Rxf1 Rf8
21. Rxf8+ Bxf8 22. Bb4 dxc4 23. Bxc4 Bxc4 24. Qxc4 Bxb4 25. Qxb4 1/2-1/2

[Event "III Open I like Elo"]
[Site "Roma ITA"]
[Date "2009.04.08"]
[Round "5"]
[White "Occhioni, Edmondo"]
[Black "Iacoacci, Giancarlo"]
[Result "1-0"]
[WhiteElo "1874"]
[BlackElo "1745"]
[PlyCount "71"]
[EventDate "2009.03.11"]

1. d4 d5 2. Nf3 Nf6 3. c4 e6 4. Bg5 Nbd7 5. Nc3 c6 6. e3 Qa5 7. Qc2 Ne4 8. Bh4
Bb4 9. Rc1 Qxa2 10. Bd3 Bxc3+ 11. bxc3 Qxc2 12. Rxc2 Nd6 13. c5 Ne4 14. c4 O-O
15. O-O Re8 16. Ra1 h6 17. Rca2 a6 18. Rb2 g5 19. Bg3 Nxg3 20. hxg3 e5 21. cxd5
cxd5 22. Bf5 exd4 23. exd4 Re7 24. Bxd7 Bxd7 25. Rxb7 Kf8 26. Ne5 Bb5 27. Rxb5
Kg7 28. Rb6 a5 29. Kf1 a4 30. Ra3 h5 31. c6 f6 32. Nd7 Rae8 33. Re3 Rxe3 34.
fxe3 Rxe3 35. c7 Rc3 36. Nc5 1-0

[Event "III Open I like Elo"]
[Site "Roma ITA"]
[Date "2009.04.08"]
[Round "5"]
[White "Pala, Giorgio"]
[Black "Marigliani, Cristiano"]
[Result "1/2-1/2"]
[WhiteElo "1962"]
[BlackElo "1817"]
[PlyCount "73"]
[EventDate "2009.03.11"]

1. e4 c5 2. Nf3 d6 3. d4 cxd4 4. Nxd4 Nf6 5. Nc3 g6 6. Be3 Bg7 7. Bc4 O-O 8. f3
Nc6 9. Qd2 Bd7 10. O-O-O Rc8 11. Bb3 Ne5 12. h4 Nc4 13. Bxc4 Rxc4 14. Kb1 Re8
15. g4 h5 16. gxh5 Nxh5 17. Nde2 Qa5 18. Bd4 Rec8 19. Nd5 Qxd2 20. Rxd2 Kf8 21.
Bxa7 Ra4 22. Bd4 Bxd4 23. Rxd4 Ra6 24. Rhd1 Ng7 25. a3 Ne6 26. Rb4 Bc6 27. Nef4
Nxf4 28. Nxf4 e6 29. Rxd6 Bxe4 30. Rxa6 Bxc2+ 31. Ka2 bxa6 32. Nh3 Bf5 33. Ng5
Rc7 34. Rb6 Bd3 35. Rd6 Bb5 36. b4 Ke7 37. Rb6 1/2-1/2

[Event "III Open I like Elo"]
[Site "Roma ITA"]
[Date "2009.04.08"]
[Round "5"]
[White "Pastore, Cosmas"]
[Black "Sellitto, Pietro"]
[Result "1-0"]
[WhiteElo "1806"]
[BlackElo "1467"]
[PlyCount "105"]
[EventDate "2009.03.11"]

1. e4 b6 2. Bc4 Bb7 3. d3 d5 4. exd5 Bxd5 5. Bxd5 Qxd5 6. Nc3 Qxg2 7. Qf3 Qxf3
8. Nxf3 Nc6 9. Bf4 e6 10. Bxc7 Bb4 11. Kd2 Nf6 12. a3 Nd5 13. Bg3 Bxc3+ 14.
bxc3 O-O 15. h4 Rac8 16. c4 Nf6 17. h5 h6 18. Rag1 Ne7 19. Be5 Kh8 20. Rxg7
Kxg7 21. Rg1+ Ng6 22. Bc3 Rc5 23. hxg6 fxg6 24. Bb4 Rfc8 25. Bxc5 Rxc5 26. Nd4
Kf7 27. f3 Ra5 28. Ra1 Rh5 29. Re1 Rh2+ 30. Kc3 h5 31. Nxe6 a5 32. Ng5+ Kg7 33.
Re7+ Kh6 34. Nf7+ Kh7 35. Ne5+ Kh6 36. Re6 Kg5 37. Rxb6 h4 38. Rxf6 Kxf6 39.
Ng4+ Kf5 40. Nxh2 Kf4 41. c5 Kg3 42. c6 Kxh2 43. c7 Kg2 44. c8=Q h3 45. Qc6 g5
46. f4+ Kg3 47. fxg5 h2 48. g6 Kf2 49. g7 Kg1 50. g8=R+ Kf1 51. Qg2+ Ke1 52.
Qxh2 Kd1 53. Rg1# 1-0

[Event "III Open I like Elo"]
[Site "Roma ITA"]
[Date "2009.04.08"]
[Round "5"]
[White "Ruotolo, Claudio"]
[Black "Di Mauro, Giuseppe"]
[Result "1-0"]
[WhiteElo "1757"]
[BlackElo "1943"]
[PlyCount "79"]
[EventDate "2009.03.11"]

1. c4 e6 2. g3 Nf6 3. Bg2 c5 4. e4 Nc6 5. Nc3 Be7 6. Nf3 d6 7. O-O a6 8. d4
cxd4 9. Nxd4 Qc7 10. Nxc6 bxc6 11. Bf4 Rb8 12. b3 O-O 13. Re1 e5 14. Bc1 Ng4
15. h3 Nf6 16. Bb2 Be6 17. Re2 Nd7 18. Rd2 f5 19. f3 f4 20. g4 Qa7+ 21. Kh1 Nc5
22. Ba3 Rbd8 23. b4 Nb7 24. Bf1 Rf6 25. Qe2 h5 26. g5 Rf7 27. h4 Qe3 28. Rd3
Qxe2 29. Nxe2 Bxc4 30. Rc3 d5 31. Rd1 a5 32. bxa5 Nxa5 33. Bxe7 Rxe7 34. Ra3
Ra7 35. Kg1 Bxe2 36. Bxe2 d4 37. Rc1 Rda8 38. Rc5 Nb7 39. Rxa7 Rxa7 40. Rxc6
1-0

[Event "III Open I like Elo"]
[Site "Roma ITA"]
[Date "2009.04.08"]
[Round "5"]
[White "Sicilia, Antonino"]
[Black "Belli, Alessandro"]
[Result "0-1"]
[WhiteElo "1410"]
[BlackElo "1517"]
[PlyCount "62"]
[EventDate "2009.03.11"]

1. Nf3 Nf6 2. b3 e6 3. Bb2 d5 4. e3 Nbd7 5. d4 Bd6 6. Bd3 O-O 7. O-O Ne4 8.
Nbd2 f5 9. a3 a5 10. c4 c6 11. c5 Bc7 12. a4 Rf6 13. Bxe4 fxe4 14. Ne5 Rh6 15.
g3 Bxe5 16. dxe5 Nxc5 17. Bc3 Nd3 18. f3 Qg5 19. f4 Qg6 20. Qe2 c5 21. Qg2 Qg4
22. Rad1 Bd7 23. Nb1 Bc6 24. Bd2 b6 25. Na3 Rf8 26. Nc2 Rf5 27. h4 Rg6 28. Kh2
Rh5 29. Rg1 Rgh6 30. Be1 Nxe1 31. Rdxe1 Rxh4+ 0-1

[Event "III Open I like Elo"]
[Site "Roma ITA"]
[Date "2009.04.08"]
[Round "5"]
[White "Simeone, Giulio"]
[Black "Marino, Giovanni"]
[Result "0-1"]
[WhiteElo "1983"]
[BlackElo "1969"]
[PlyCount "88"]
[EventDate "2009.03.11"]

1. c4 Nf6 2. Nc3 c5 3. e3 Nc6 4. d4 cxd4 5. exd4 d5 6. Bf4 Bf5 7. Nf3 e6 8. c5
a6 9. Be2 h6 10. O-O g5 11. Be3 Bg7 12. Bd3 Bxd3 13. Qxd3 O-O 14. Rab1 Nd7 15.
b4 f5 16. h3 f4 17. Bd2 Qf6 18. Ne2 Qf5 19. Qxf5 Rxf5 20. a4 e5 21. dxe5 Ncxe5
22. Nfd4 Rf6 23. f3 Nc4 24. Bc3 Ne3 25. Rfc1 Re8 26. Nc2 Rfe6 27. Bxg7 Kxg7 28.
Ncd4 Rf6 29. b5 Ne5 30. bxa6 bxa6 31. Rb6 N3c4 32. Rb7+ Rf7 33. Rcb1 Rxb7 34.
Rxb7+ Kf6 35. Nc3 Nd3 36. Nxd5+ Kg6 37. Ne7+ Kf6 38. Ndf5 Ne3 39. Rb6+ Ke5 40.
Rxa6 Nxf5 41. Ng6+ Kd5 42. Rf6 Re1+ 43. Kh2 Ng3 44. Rd6+ Kxc5 0-1

[Event "III Open I like Elo"]
[Site "Roma ITA"]
[Date "2009.04.08"]
[Round "5"]
[White "Tognotti, Andrea"]
[Black "Barbieri, Massimiliano"]
[Result "0-1"]
[WhiteElo "1609"]
[BlackElo "1296"]
[PlyCount "66"]
[EventDate "2009.03.11"]

1. c4 e5 2. Nc3 Nf6 3. Nf3 Nc6 4. g3 d5 5. cxd5 Nxd5 6. Bg2 Bb4 7. O-O O-O 8.
e4 Nxc3 9. bxc3 Ba5 10. Qb3 Bb6 11. Rd1 Bg4 12. Bb2 Qf6 13. c4 Bxf3 14. Bxf3
Bd4 15. Bg2 Qxf2+ 16. Kh1 Bxb2 17. Qxb2 Rad8 18. Qxb7 Qb6 19. Qxb6 axb6 20. a3
Rd4 21. d3 Rfd8 22. Bf1 Na5 23. Be2 Nb3 24. Ra2 Nc5 25. Rad2 Ra8 26. Kg2 Rxa3
27. Kf2 Na4 28. Rb1 Nc3 29. Rb4 Nxe4+ 30. dxe4 Rxd2 31. Ke1 Rd4 32. Rb5 Rxe4
33. c5 Ra5 0-1

[Event "III Open I like Elo"]
[Site "Roma ITA"]
[Date "2009.04.08"]
[Round "5"]
[White "Vannelli, Vittorio"]
[Black "Castillo, Juan"]
[Result "0-1"]
[WhiteElo "1871"]
[BlackElo "1784"]
[PlyCount "178"]
[EventDate "2009.03.11"]

1. e4 e5 2. Nc3 Nf6 3. f4 d6 4. fxe5 dxe5 5. Nf3 Bd6 6. Bc4 h6 7. d4 Nc6 8.
dxe5 Nxe5 9. Nxe5 Bxe5 10. Qxd8+ Kxd8 11. Bd2 Ke7 12. O-O-O Rd8 13. Nd5+ Ke8
14. Rhf1 Be6 15. Nxf6+ Bxf6 16. Bxe6 fxe6 17. Bf4 Rxd1+ 18. Rxd1 e5 19. Be3 Ke7
20. c4 Ke6 21. Kc2 a5 22. Rd5 Be7 23. Kc3 b6 24. a3 Rf8 25. Kb3 Rf1 26. Ka4 Re1
27. Rd3 Re2 28. b4 axb4 29. axb4 Rxg2 30. Kb5 Rxh2 31. Kc6 Rh3 32. Kxc7 Bxb4
33. Kxb6 Be1 34. c5 Rh2 35. c6 Rb2+ 36. Kc7 Ba5+ 37. Kc8 Rc2 38. Kb7 Rb2+ 39.
Ka6 Rc2 40. Kxa5 Rxc6 41. Kb5 Rc8 42. Ra3 Rc2 43. Ra6+ Kf7 44. Ra7+ Kg6 45. Bc5
Kg5 46. Rxg7+ Kf4 47. Rh7 Rh2 48. Kc4 Kxe4 49. Kc3 h5 50. Bd6 Kf5 51. Re7 Rh3+
52. Kd2 Rh2+ 53. Ke3 Rh3+ 54. Kf2 Rh2+ 55. Kg3 Re2 56. Rf7+ Ke6 57. Kf3 Re1 58.
Rh7 Kxd6 59. Rxh5 Kd5 60. Kf2 Re4 61. Rh3 Rg4 62. Ra3 Rb4 63. Ke2 Ke6 64. Kf2
Kf5 65. Ke2 e4 66. Ke3 Rb5 67. Ke2 Kf4 68. Rh3 Rb2+ 69. Ke1 Rg2 70. Kf1 Rb2 71.
Ke1 Ke5 72. Kd1 Kd4 73. Kc1 Rg2 74. Kd1 e3 75. Rh7 Ra2 76. Rd7+ Ke4 77. Re7+
Kf3 78. Rf7+ Kg2 79. Rg7+ Kf1 80. Kc1 e2 81. Rf7+ Ke1 82. Kb1 Ra6 83. Kc1 Rc6+
84. Kb1 Kd2 85. Rd7+ Ke1 86. Re7 Rd6 87. Kc1 Rd3 88. Re6 Kf2 89. Kc2 Re3 0-1

[Event "III Open I like Elo"]
[Site "Roma ITA"]
[Date "2009.04.15"]
[Round "6"]
[White "Antonelli, Mauro"]
[Black "Maggi, Fabrizio"]
[Result "1-0"]
[WhiteElo "2075"]
[BlackElo "2039"]
[PlyCount "34"]
[EventDate "2009.03.11"]

1. d4 f5 2. g3 Nf6 3. Bg2 g6 4. c4 Bg7 5. Nh3 d6 6. d5 Na6 7. Nf4 O-O 8. Nc3 e5
9. dxe6 c6 10. Rb1 Nc5 11. O-O Qe7 12. b4 Nxe6 13. b5 Ng4 14. bxc6 Bxc3 15.
cxb7 Rb8 16. bxc8=Q Rbxc8 17. Nxe6 Qxe6 1-0

[Event "III Open I like Elo"]
[Site "Roma ITA"]
[Date "2009.04.15"]
[Round "6"]
[White "Barbieri, Massimiliano"]
[Black "Felici, Ettore"]
[Result "0-1"]
[WhiteElo "1296"]
[BlackElo "1691"]
[PlyCount "108"]
[EventDate "2009.03.11"]

1. e4 c6 2. d4 d5 3. exd5 cxd5 4. Nf3 Nc6 5. Be2 Nf6 6. O-O g6 7. Nc3 Bg7 8.
Re1 O-O 9. Bf4 a6 10. Bd3 Nb4 11. Qd2 Nxd3 12. Qxd3 Bf5 13. Qd2 Ne4 14. Qe3
Nxc3 15. bxc3 Re8 16. Rab1 b5 17. Rb2 Rc8 18. Qd2 Qa5 19. Re3 f6 20. Qe2 Qa3
21. Rb1 Rxc3 22. Rb3 Qc1+ 23. Qe1 Qxe1+ 24. Nxe1 Rc4 25. c3 e5 26. Ra3 Rc6 27.
Ra5 Kf7 28. dxe5 fxe5 29. Bg3 d4 30. cxd4 exd4 31. Rxe8 Kxe8 32. Ra3 Rc1 33.
Kf1 d3 34. Bf4 Rd1 35. Rxa6 d2 36. Ra8+ Kf7 37. Bxd2 Rxd2 38. Nf3 Rd7 39. Ng5+
Ke7 40. Ra3 h6 41. Re3+ Kf6 42. Ne4+ Kf7 43. Nc5 Rd5 44. Rf3 Kg8 45. h3 Rxc5
46. g4 Be6 47. Re3 Bxa2 48. Kg2 Bd5+ 49. f3 Rc3 50. Re8+ Kf7 51. Rb8 Rb3 52. h4
Bxf3+ 53. Kg3 Be5+ 54. Kh3 Bh1# 0-1

[Event "III Open I like Elo"]
[Site "Roma ITA"]
[Date "2009.04.15"]
[Round "6"]
[White "Carotenuto, Piero"]
[Black "Tognotti, Andrea"]
[Result "1/2-1/2"]
[WhiteElo "1724"]
[BlackElo "1609"]
[PlyCount "54"]
[EventDate "2009.03.11"]

1. e4 c5 2. Nf3 e6 3. b3 d6 4. Bb5+ Bd7 5. Bxd7+ Nxd7 6. O-O Ngf6 7. Qe2 Be7 8.
c4 Qc7 9. Nc3 a6 10. d4 cxd4 11. Nxd4 O-O 12. Be3 b5 13. Rac1 b4 14. Na4 Nxe4
15. Nc2 Nc3 16. Nxc3 bxc3 17. Nd4 Nf6 18. Rxc3 Nd5 19. Rcc1 Nxe3 20. Qxe3 Bf6
21. Rfd1 Qa5 22. Qe2 Qc5 23. Nf3 Rad8 24. Nd2 Qf5 25. Ne4 Be7 26. Rd3 d5 27.
cxd5 Rxd5 1/2-1/2

[Event "III Open I like Elo"]
[Site "Roma ITA"]
[Date "2009.04.15"]
[Round "6"]
[White "Castelfranchi, Carlo"]
[Black "Napoli, Nicolo'"]
[Result "0-1"]
[WhiteElo "2081"]
[BlackElo "2313"]
[PlyCount "110"]
[EventDate "2009.03.11"]

1. e4 c6 2. d4 Nf6 3. e5 Nd5 4. Nf3 d6 5. c4 Nb6 6. exd6 exd6 7. h3 Be6 8. b3
d5 9. c5 N6d7 10. Bd3 Be7 11. O-O Nxc5 12. dxc5 Bf6 13. Nc3 Bxc3 14. Rb1 Bf6
15. Bf4 Nd7 16. Qc2 h6 17. Rfe1 O-O 18. Re2 Be7 19. b4 a5 20. a3 axb4 21. axb4
Bf6 22. Qd2 Ra3 23. Bc2 Re8 24. Rbe1 Nf8 25. Nd4 Qd7 26. Bd6 Rea8 27. Bxf8 Bxd4
28. Bd6 Bf6 29. Be5 Qd8 30. Bd6 Rc3 31. Re3 Raa3 32. Rxc3 Rxc3 33. Re3 d4 34.
Rxc3 dxc3 35. Qd3 g6 36. Qe3 Bg7 37. Bxg6 fxg6 38. Qxe6+ Kh7 39. Qe4 Qg5 40.
Bf4 Qh4 41. Kf1 h5 42. Ke2 Qd8 43. f3 Qa8 44. Qc4 Qa4 45. h4 Qc2+ 46. Kf1 Qd1+
47. Kf2 Bd4+ 48. Kg3 Bg7 49. Kh2 c2 50. g4 Qxf3 51. gxh5 Qxh5 52. Bg5 Qd1 53.
Kg2 Qd5+ 54. Qxd5 cxd5 55. b5 Bh6 0-1

[Event "III Open I like Elo"]
[Site "Roma ITA"]
[Date "2009.04.15"]
[Round "6"]
[White "Castillo, Juan"]
[Black "Simeone, Giulio"]
[Result "1-0"]
[WhiteElo "1784"]
[BlackElo "1983"]
[PlyCount "91"]
[EventDate "2009.03.11"]

1. e4 c6 2. d4 d5 3. Nc3 dxe4 4. Nxe4 g6 5. Nf3 Bg7 6. c3 Nd7 7. Bc4 Ngf6 8.
Ng3 O-O 9. O-O c5 10. dxc5 Nxc5 11. Be3 Qc7 12. Qe2 Be6 13. Rfe1 Bxc4 14. Qxc4
Ne6 15. Qxc7 Nxc7 16. Bc5 Rfe8 17. Bxe7 Ne6 18. Ba3 Rad8 19. Rad1 h5 20. Kf1
Nf4 21. Rxd8 Rxd8 22. Nd4 Ng4 23. f3 Ne5 24. Be7 Rd7 25. Bg5 Ned3 26. Re8+ Kh7
27. b3 Nd5 28. Bd2 Nxc3 29. Bxc3 Bxd4 30. Bxd4 Rxd4 31. Re7 Rb4 32. Rxf7+ Kh6
33. Rd7 Nc5 34. Rd5 Nxb3 35. axb3 Rxb3 36. Ra5 a6 37. Ne4 Rb2 38. h4 Kg7 39.
Kg1 Kf7 40. Kh2 Ke6 41. Kg3 Kd7 42. Nc5+ Kc6 43. Nxa6 bxa6 44. Rxa6+ Kd5 45.
Rxg6 Kd4 46. Rg5 1-0

[Event "III Open I like Elo"]
[Site "Roma ITA"]
[Date "2009.04.15"]
[Round "6"]
[White "De Maria, Isaia"]
[Black "Giuliani, Sante"]
[Result "0-1"]
[WhiteElo "1884"]
[BlackElo "1935"]
[PlyCount "80"]
[EventDate "2009.03.11"]

1. e4 d5 2. exd5 Qxd5 3. Nc3 Qa5 4. d4 Nf6 5. Nf3 c6 6. Be2 Bf5 7. O-O e6 8.
Bg5 Nbd7 9. Bd3 Bg4 10. Be3 Bd6 11. h3 Bh5 12. Ne4 Nxe4 13. Bxe4 Nf6 14. Bd3
Nd5 15. Bd2 Qc7 16. c4 Nf4 17. Bxf4 Bxf4 18. g4 Bg6 19. Bxg6 hxg6 20. Kg2 O-O-O
21. Qa4 Kb8 22. b4 e5 23. dxe5 Bxe5 24. Rad1 f5 25. Rxd8+ Rxd8 26. Rd1 Rh8 27.
Qc2 fxg4 28. hxg4 g5 29. Qf5 Bf6 30. Qe4 Qc8 31. b5 Re8 32. Qd3 Qxg4+ 33. Kf1
Qh3+ 34. Kg1 Rd8 35. Qxd8+ Bxd8 36. Rxd8+ Kc7 37. Rf8 cxb5 38. Rf7+ Kb6 39.
cxb5 Qg4+ 40. Kh2 Qh5+ 0-1

[Event "III Open I like Elo"]
[Site "Roma ITA"]
[Date "2009.04.15"]
[Round "6"]
[White "Foschini, Andrea"]
[Black "Occhioni, Edmondo"]
[Result "1-0"]
[WhiteElo "1834"]
[BlackElo "1874"]
[PlyCount "53"]
[EventDate "2009.03.11"]

1. e4 c5 2. Nf3 Nc6 3. d4 cxd4 4. Nxd4 Nf6 5. Nc3 e5 6. Ndb5 d6 7. Bg5 a6 8.
Bxf6 gxf6 9. Na3 b5 10. Nd5 Bg7 11. Bd3 Be6 12. O-O O-O 13. Qh5 h6 14. c4 bxc4
15. Nxc4 f5 16. Nce3 f4 17. Nf5 Bxf5 18. exf5 Qg5 19. Qxg5 hxg5 20. f6 Bh6 21.
Rac1 Nd4 22. Rc7 Rfd8 23. Be4 Rab8 24. b3 Kf8 25. Ra7 Ra8 26. Rxa8 Rxa8 27.
Nxf4 1-0

[Event "III Open I like Elo"]
[Site "Roma ITA"]
[Date "2009.04.15"]
[Round "6"]
[White "Gamberale, Francesco"]
[Black "Iacoacci, Giancarlo"]
[Result "0-1"]
[WhiteElo "1425"]
[BlackElo "1745"]
[PlyCount "70"]
[EventDate "2009.03.11"]

1. d4 d5 2. c4 e6 3. Nc3 Nf6 4. Bg5 Nbd7 5. Nf3 c6 6. e3 Qa5 7. Nd2 Bb4 8. Qc2
dxc4 9. Bxf6 Nxf6 10. Nxc4 Qc7 11. Be2 O-O 12. O-O b5 13. Ne5 Bd6 14. Ne4 Bxe5
15. dxe5 Nd5 16. Bxb5 cxb5 17. Qxc7 Nxc7 18. Nd6 Nd5 19. Rac1 a6 20. a3 Bd7 21.
g3 Rfd8 22. Rfd1 Be8 23. e4 Nb6 24. b3 Nc8 25. Rc7 Kf8 26. Kf1 Ne7 27. Rdc1 f6
28. f4 fxe5 29. fxe5 Ng6 30. Ke2 Kg8 31. Nxe8 Rxe8 32. Rb7 Re7 33. Rxe7 Nxe7
34. Rc7 Kf8 35. Rd7 Ng6 0-1

[Event "III Open I like Elo"]
[Site "Roma ITA"]
[Date "2009.04.15"]
[Round "6"]
[White "Marino, Giovanni"]
[Black "Gardon, Ermanno"]
[Result "0-1"]
[WhiteElo "1969"]
[BlackElo "2144"]
[PlyCount "94"]
[EventDate "2009.03.11"]

1. d4 e6 2. c4 f5 3. Nf3 Nf6 4. g3 d5 5. Bg2 c6 6. O-O Bd6 7. b3 Qe7 8. Bb2 O-O
9. Ne5 Nbd7 10. f4 Ne4 11. Nd2 Ndf6 12. Nxe4 Nxe4 13. Bxe4 fxe4 14. c5 Bc7 15.
b4 Bd7 16. Nxd7 Qxd7 17. Bc3 g5 18. fxg5 Rxf1+ 19. Qxf1 Rf8 20. Qh3 Bd8 21. Bd2
Re8 22. Be3 Qg7 23. Qh6 Qxh6 24. gxh6 Kf7 25. Rf1+ Kg6 26. Rf4 Bf6 27. Rg4+ Kf7
28. Rf4 Rg8 29. Kg2 Ke7 30. Rf1 e5 31. Rd1 Ke6 32. dxe5 Bxe5 33. a4 a6 34. b5
axb5 35. axb5 Ra8 36. bxc6 bxc6 37. Rb1 d4 38. Bf4 Ra2 39. Bxe5 Kxe5 40. Kf1 e3
41. Rb7 Ra1+ 42. Kg2 Re1 43. Rxh7 Rxe2+ 44. Kh3 Ra2 45. Re7+ Kf6 46. h7 Ra8 47.
Rd7 e2 0-1

[Event "III Open I like Elo"]
[Site "Roma ITA"]
[Date "2009.04.15"]
[Round "6"]
[White "Mazza, Maurizio"]
[Black "Migliozzi, Giuseppe"]
[Result "0-1"]
[WhiteElo "1711"]
[BlackElo "1732"]
[PlyCount "36"]
[EventDate "2009.03.11"]

1. e4 d5 2. exd5 Qxd5 3. Nc3 Qa5 4. d4 Nf6 5. Bd3 Nc6 6. Nge2 e5 7. dxe5 Nxe5
8. Bb5+ c6 9. Ba4 Bb4 10. Bb3 Bf5 11. O-O Rd8 12. Bd2 O-O 13. a3 Bxc3 14. Nxc3
Rd7 15. Re1 Rfd8 16. Re2 Bg4 17. f3 Qc5+ 18. Kh1 Nxf3 0-1

[Event "III Open I like Elo"]
[Site "Roma ITA"]
[Date "2009.04.15"]
[Round "6"]
[White "Quimi, Marco"]
[Black "Bonaposta, Fabrizio"]
[Result "1-0"]
[WhiteElo "2245"]
[BlackElo "2044"]
[PlyCount "65"]
[EventDate "2009.03.11"]

1. e4 c5 2. Nf3 Nc6 3. Nc3 e6 4. d4 cxd4 5. Nxd4 a6 6. g3 d5 7. exd5 exd5 8.
Bg2 Bb4 9. O-O Nge7 10. Nxc6 bxc6 11. Qd4 Bxc3 12. Qxc3 O-O 13. b3 Bd7 14. Bb2
f6 15. Rad1 Re8 16. Qc5 Be6 17. Rfe1 Qd7 18. c4 Rad8 19. Rd2 Qc8 20. Rde2 Ng6
21. cxd5 Bg4 22. Re3 Rxe3 23. Rxe3 Qf5 24. Be4 Qh5 25. Qb6 Rc8 26. dxc6 Bh3 27.
f3 Ne5 28. Bxe5 fxe5 29. Qc5 Qg5 30. f4 Qh5 31. Bd5+ Kh8 32. Bf3 Qg6 33. Qxe5
1-0

[Event "III Open I like Elo"]
[Site "Roma ITA"]
[Date "2009.04.15"]
[Round "6"]
[White "Roberti, Bruno"]
[Black "Sermoneta, Eugenio"]
[Result "1-0"]
[WhiteElo "1990"]
[BlackElo "1784"]
[PlyCount "53"]
[EventDate "2009.03.11"]

1. e4 Nf6 2. e5 Nd5 3. d4 d6 4. c4 Nb6 5. exd6 exd6 6. Nc3 Nc6 7. Be3 Bf5 8.
Bd3 Bxd3 9. Qxd3 Be7 10. Nf3 O-O 11. a3 Na5 12. Nd2 Bg5 13. O-O Bxe3 14. fxe3
d5 15. cxd5 Nxd5 16. Nxd5 Qxd5 17. Rf5 Qd8 18. Rxa5 b6 19. Rh5 g6 20. Rh3 f5
21. Qc4+ Kg7 22. Rc1 Rc8 23. Nf3 c5 24. d5 Qf6 25. Qc3 Rf7 26. Ng5 Qxc3 27.
bxc3 1-0

[Event "III Open I like Elo"]
[Site "Roma ITA"]
[Date "2009.04.15"]
[Round "6"]
[White "Testa, Adriano"]
[Black "Bogosaljevic, Miodrag"]
[Result "1-0"]
[WhiteElo "2124"]
[BlackElo "2030"]
[PlyCount "91"]
[EventDate "2009.03.11"]

1. e4 c6 2. Nf3 d5 3. Nc3 Bg4 4. h3 Bxf3 5. Qxf3 d4 6. Ne2 e5 7. g4 Nd7 8. Bg2
g6 9. Qg3 Be7 10. O-O h5 11. f4 d3 12. cxd3 hxg4 13. fxe5 Bh4 14. Qf4 Qe7 15.
d4 gxh3 16. Bxh3 Bg5 17. Bxd7+ Kxd7 18. Qxf7 Nh6 19. Qxe7+ Bxe7 20. d3 Ng4 21.
Bf4 Rh3 22. d5 Rah8 23. e6+ Ke8 24. Rfc1 Nh2 25. dxc6 bxc6 26. Rxc6 g5 27. Rc8+
Bd8 28. Bc7 Ke7 29. Rxd8 Rxd8 30. Bxd8+ Kxd8 31. Kg2 Re3 32. Nc3 Nf3 33. Rd1
Nd4 34. Rd2 Nxe6 35. d4 Nf4+ 36. Kf1 Rd3 37. Rxd3 Nxd3 38. b3 Kd7 39. Ke2 Nf4+
40. Kf3 Ke6 41. Kg4 Kf6 42. Nd5+ Nxd5 43. exd5 Ke7 44. Kxg5 Kd6 45. Kf4 Kxd5
46. Ke3 1-0

[Event "III Open I like Elo"]
[Site "Roma ITA"]
[Date "2009.04.15"]
[Round "6"]
[White "Vannelli, Vittorio"]
[Black "Ruotolo, Claudio"]
[Result "1/2-1/2"]
[WhiteElo "1871"]
[BlackElo "1757"]
[PlyCount "50"]
[EventDate "2009.03.11"]

1. e4 g6 2. d4 Bg7 3. Nf3 d6 4. Bc4 Nf6 5. Nc3 c6 6. Qe2 O-O 7. e5 dxe5 8. dxe5
Nd5 9. Bd2 Bg4 10. O-O-O e6 11. Rhe1 Nd7 12. Bxd5 cxd5 13. Bf4 Rc8 14. h3 Bxf3
15. Qxf3 a6 16. Qd3 Qc7 17. Qd4 Nb6 18. Rd3 Rfd8 19. Re2 Bf8 20. Bg5 Rd7 21.
Bf6 Qc5 22. Na4 Qxd4 23. Rxd4 Nxa4 24. Rxa4 Rdc7 25. Rd4 Rc4 1/2-1/2

[Event "III Open I like Elo"]
[Site "Roma ITA"]
[Date "2009.04.15"]
[Round "6"]
[White "Vanzan, Alessandro"]
[Black "Pala, Giorgio"]
[Result "0-1"]
[WhiteElo "1788"]
[BlackElo "1962"]
[PlyCount "82"]
[EventDate "2009.03.11"]

1. c4 e5 2. Nc3 Nf6 3. d3 Bb4 4. Qc2 Nc6 5. a3 Bxc3+ 6. bxc3 d5 7. cxd5 Nxd5 8.
g3 Be6 9. Nf3 h6 10. Bb2 Nde7 11. Bg2 O-O 12. O-O Qd7 13. c4 f6 14. Rfd1 Bh3
15. d4 Bxg2 16. Kxg2 exd4 17. Nxd4 Nxd4 18. Rxd4 Qc6+ 19. Kg1 Qe6 20. Rad1 Nc6
21. Rd7 Rf7 22. Rxf7 Kxf7 23. Rd5 Re8 24. Bxf6 Qxe2 25. Rd7+ Kxf6 26. Qc3+ Re5
27. Rd2 Qe1+ 28. Kg2 Qe4+ 29. Kg1 Kg6 30. Rd1 b6 31. h4 Kh7 32. Kh2 Rf5 33. Rd2
Ne5 34. Rc2 Nf3+ 35. Kh3 h5 36. Rc1 Qg4+ 37. Kg2 Nxh4+ 38. Kf1 Nf3 39. Kg2 Qe4
40. Kh3 Ng5+ 41. Kh2 Rxf2+ 0-1

[Event "III Open I like Elo"]
[Site "Roma ITA"]
[Date "2009.04.15"]
[Round "6"]
[White "Vertechi, Pietro"]
[Black "De Lisa, Carmine"]
[Result "1-0"]
[WhiteElo "1882"]
[BlackElo "1734"]
[PlyCount "51"]
[EventDate "2009.03.11"]

1. e4 e5 2. f4 exf4 3. Nf3 d5 4. exd5 Qxd5 5. Nc3 Qe6+ 6. Be2 Bc5 7. d4 Bb4 8.
O-O Bxc3 9. bxc3 Ne7 10. Bxf4 O-O 11. Bd3 Qg4 12. Qd2 Nd5 13. Bg3 Nc6 14. Rae1
Qd7 15. c4 Ndb4 16. d5 Nxd3 17. dxc6 bxc6 18. cxd3 Ba6 19. Ne5 Qd4+ 20. Bf2 Qd6
21. Qa5 Bb7 22. Bc5 Qd8 23. Bxf8 Qd4+ 24. Kh1 Rxf8 25. Qxc7 Qb2 26. Rxf7 1-0